The next battleground : Japan, America, and the new European market
Đã lưu trong:
| Príomhúdar: | |
|---|---|
| Formáid: | Leabhar |
| Teanga: | Undetermined |
| Foilsithe: |
New York
Houghton Mifflin Company
1993
|
| Ábhair: | |
| Clibeanna: |
Cuir Clib Leis
Gan Chlibeanna, Bí ar an gcéad duine leis an taifead seo a chlibeáil!
|
| Thư viện lưu trữ: | Trung tâm Học liệu Trường Đại học Cần Thơ |
|---|
| LEADER | 00615nam a2200205Ia 4500 | ||
|---|---|---|---|
| 001 | CTU_97436 | ||
| 008 | 210402s9999 xx 000 0 und d | ||
| 082 | |a 337.4052 | ||
| 082 | |b J12 | ||
| 100 | |a Jackson, Tim | ||
| 245 | 4 | |a The next battleground : | |
| 245 | 0 | |b Japan, America, and the new European market | |
| 245 | 0 | |c Tim Jackson | |
| 260 | |a New York | ||
| 260 | |b Houghton Mifflin Company | ||
| 260 | |c 1993 | ||
| 650 | |a Investments, japanese,Competition, international | ||
| 650 | |x European economic community countries | ||
| 904 | |i M.Loan | ||
| 980 | |a Trung tâm Học liệu Trường Đại học Cần Thơ | ||